Multiple dwelling and tourism : negotiating place, home and identity

Saved in:
Bibliographic Details
Other Authors: McIntyre, Norman 1941- (Editor), Williams, Daniel 1955- (Editor), McHugh, Kevin 1954- (Editor)
Format: Book
Language:English
Published: Wallingford, Oxforshire, UK : CABI, c2006
Subjects:
Tags: Add Tag
No Tags, Be the first to tag this record!

MARC

LEADER 00000nam a2200000 i 4500
001 1/81215
008 080409s2006 eng d
020 |a 978-1-84593-120-9 
020 |a 0-84593-120-3 
035 |l 10096411 
040 |a GR-MY-UA  |b gre  |e aacr 
041 0 |a eng 
082 0 |a 306.4819  |2 (22) 
245 1 0 |a Multiple dwelling and tourism :  |b negotiating place, home and identity /  |c edited by Norman McIntyre, Daniel R. Williams, Kevin E. McHugh 
260 |a Wallingford, Oxforshire, UK :   |b CABI,   |c c2006 
300 |a xvi, 373 σ.;  |b εικ., χάρτες;  |c 26 εκ. 
504 |a Βιβλιογραφία : σ. 323-356. Ευρετήριο 
650 0 0 |a Vacation homes. 
650 0 0 |a Second homes. 
650 0 0 |a Nature  |x Psychological aspects. 
700 1 |a McIntyre, Norman  |d 1941-  |4 edt 
700 1 |a Williams, Daniel  |d 1955-  |4 edt 
700 1 |a McHugh, Kevin  |d 1954-  |4 edt 
852 |a INST  |b CHIOS  |e 20080409  |h 306.4819 MUL  |p 005200027410  |q 005200027410  |t BK  |y 0 
901 |a BIBL2-2008-1 
909 |a Χ  |b 151883 
922 |a 2ΕΛΗ  |b 200803  |c ΕΠΕΑΕΚ2/ΤΔΕ  |d ΕΛΕΥΘΕΡΟΥΔΑΚΗΣ 
970 |a ΒΑΡΦΗΣ  |b ΒΑΓΓΕΛΗΣ  |z 2008/04/09